000
00280nam a22001217a 4500
082
_a
621.384166 COL'R
100
_a
COLLINS, A.F
_9
56646
245
_a
THE RADIO AMATEURS HANDBOOK
250
_a
11TH
260
_a
NEWYORK
_b
THOMAS Y. CROWELL
_c
1964
300
_a
374P
942
_c
BK
999
_c
567017
_d
567017